Story-Altering Events Quiz Stats

 Plays Quiz Updated Mar 6, 2015

Score 0/20 Timer 05:00
0 Plays Today
% Correct
Cinderella
97.4%
Alice
96.6%
Charlie Bucket
96%
Humpty Dumpty
96%
Dorothy Gale
95.8%
Peter Parker
95.5%
Anakin Skywalker
95.1%
SpongeBob SquarePants
94.8%
Primrose Everdeen
92.8%
Bruce Wayne
90.7%
% Correct
Samwise Gamgee
89.4%
Harry Potter
88.1%
Miss Scarlet
86.7%
Wolverine
86%
Neo
81.3%
Jack Skellington
81%
Jack Shephard
73.2%
The Doctor
69.6%
WALL-E
64.4%
Seymour Krelborn
62.7%

You're not logged in!

Compare scores with friends on all Sporcle quizzes.
OR
Log In

Show Comments

Extras

Top Quizzes Today


Score Distribution

Your Account Isn't Verified!

In order to create a playlist on Sporcle, you need to verify the email address you used during registration. Go to your Sporcle Settings to finish the process.

Report this User

Report this user for behavior that violates our Community Guidelines.

Details: